| 000 | 01140cam a2200325 4500 | ||
|---|---|---|---|
| 008 | 020426n2001 000 0 eng u | ||
| 020 | _a0754614492 | ||
| 035 | _a(Sirsi) u117687 | ||
| 041 | _aeng. | ||
| 050 | _a711.3 | ||
| 100 | _aPortnov, B. | ||
| 245 | _aUrban clustering : the benefits and drawbacks of location | ||
| 260 |
_aAldershot _bAshgate _c2001 |
||
| 300 |
_axvii,317p. _c23cm. |
||
| 350 | _a45 | ||
| 490 | _aDesign and the Built Environment | ||
| 520 | _aLinking location and community, this book puts forward an index on clustering, tests this against a wide range of international case studies and introduces a set of analytical models designed to enhance the potential of urban growth and sustainability. | ||
| 650 | _aURBAN CLUSTERING | ||
| 650 | _aURBAN PLANNING | ||
| 650 | _aCITY PLANNING | ||
| 650 |
_aSustainability _96271 |
||
| 650 | _aREGIONAL PLANNING | ||
| 650 | _aURBAN DESIGN | ||
| 650 | _aURBAN ECONOMICS | ||
| 650 | _aLAND SETTLEMENT PATTERNS | ||
| 650 | _aDEMOGRAPHY | ||
| 690 | _aENVIRONMENTAL AND LAND CONSULTANCY-PLANNING AND DEVELOPMENT | ||
| 700 | _aErell, E. | ||
| 942 | _n0 | ||
| 999 |
_c102045 _d102045 |
||